Statistics for Greatest Ohio State Running Backs of All Time

Click here to take the quiz!

General Stats

  • This quiz has been taken 49 times
  • The average score is 4 of 14

Answer Stats

Years ActivePlayer% Correct
1972-1975Archie Griffin
82%
2013-2015Ezekiel Elliot
82%
1992-1995Eddie George
73%
2017-2019J.K. Dobbins
56%
2010-2013Carlos Hyde
29%
1990-1992Robert Smith
29%
2002Maurice Clarett
18%
1952-1955Howard "Hopalong" Cassady
13%
2006-2008Chris "Beanie" Wells
9%
1982-1985Keith Byars
9%
1973-1976Pete Johnson
9%
2004-2006Antonio Pittman
4%
1979-1982Tim Spencer
4%
1967-1969Jim Otis
2%

Score Distribution

Percentile by Number Answered

Percent of People with Each Score

Your Score History

You have not taken this quiz